|
|
|
|
| LEADER |
02663nam a22003137a 4500 |
| 001 |
34230 |
| 003 |
BD-DhAAL |
| 005 |
20211125120438.0 |
| 008 |
190212t2014 bg ||||| |||| 00| 0 ben d |
| 999 |
|
|
|c 40435
|d 40435
|
| 040 |
|
|
|a BD-DhAAL
|
| 082 |
|
|
|a 572.8633
|2 22
|
| 110 |
|
|
|a গণপ্রজাতন্ত্রী বাংলাদেশ সরকার,
|b বাংলাদেশ জাতীয় সংসদ
|9 29961
|
| 240 |
|
|
|a বাংলাদেশ গেজেট, অতিরিক্ত সংখ্যা, সেপ্টেম্বর ২২ , ২০১৮
|
| 245 |
|
|
|a কোন ব্যাক্তির ডিএনএ নমুনা সংগ্রহ ও উহার বিশ্লেষণ প্রক্রিয়া ও পদ্ধতি নির্ধারণ, ডিএনএ নমুনা ও প্রোফাইলের ব্যবহার নিয়ন্ত্রণ, ফরেনসিক ডিএনএ ল্যাবরেটরী স্থাপন, জাতীয় ডিএনএ ডাটাবেইজ প্রতিষ্ঠা ও আনুষঙ্গিক বিষয়াদি সম্পর্কে বিধান প্রণয়নকল্পে প্রণীত আইন (২০১৪ সনের ১০ নং আইন) /
|c আইন, বিচার ও সংসদ বিষয়ক মন্ত্রণালয়, গণপ্রজান্ত্রী বাংলাদেশ সরকার
|
| 260 |
|
|
|a ঢাকা :
|b গণপ্রজাতন্ত্রী বাংলাদেশ সরকার, বাংলাদেশ জাতীয় সংসদ,
|c ২০১৮
|
| 300 |
|
|
|a ১৮৫৬১-১৮৫৭২ পৃষ্ঠা ;
|c ২৪ সে. মি.
|
| 500 |
|
|
|a বাংলাদেশ গেজেট,
|
| 526 |
|
|
|a SOL
|
| 541 |
|
|
|a Development Book Agency
|e 34230
|
| 650 |
|
|
|a DNA
|x Analysis
|9 29962
|
| 650 |
|
|
|a Sequence Analysis, DNA.
|9 29981
|
| 650 |
|
|
|a DNA
|x Law and legislation
|z Bangladesh
|9 29982
|
| 650 |
|
|
|a DNA, Recombinant
|x analysis
|9 29983
|
| 650 |
|
|
|a Law.
|9 43173
|
| 710 |
|
|
|a আইন, বিচার ও সংসদ বিষয়ক মন্ত্রণালয়,
|b গণপ্রজান্ত্রী বাংলাদেশ সরকার,
|b বাংলাদেশ জাতীয় সংসদ
|9 29993
|
| 852 |
|
|
|a Ayesha Abed Library
|c General Stacks
|
| 942 |
|
|
|2 ddc
|c BK
|
| 952 |
|
|
|0 0
|1 4
|2 ddc
|4 0
|6 572_863300000000000_KON
|7 0
|9 65047
|a BRACUL
|b BRACUL
|c GEN
|d 2019-02-12
|e Development Book Agency
|g 70.00
|l 0
|o 572.8633 KON
|p 3010034230
|r 2019-02-12
|t 1
|v 70.00
|w 2019-02-12
|y BK
|x Koha Inventory 2020
|